000 00465nam a2200193Ia 4500
008 170918s9999 xx 000 0 und d
020 _a9780439729888
050 _bL192 2002
100 _aLakin, Patricia
245 _aSnow day! /
245 _cPatricia Lakin ; pictures by Scott Nash.
260 _aNew York :
260 _bScholastic,
260 _c2002
300 _aunpaged :
300 _bcolored illustration ;
300 _c27cm.
500 _aBR
999 _c340980
_d340980